=LDR 00000nam 2200000 4500 =001 INLIS000000000000086 =005 20150114092235.0 =006 =007 =008 Ind =035 ##$$0010-061300000000086 =041 ##$$a Ind =082 ##$$a 910.076 =090 ##$$a 910.076 Isk g =100 ##$$a Iskhak =245 ##$$a Geografi SMA, Prima EBTA (pelajaran ringkas materi evaluasi belajar tahap akhir) / Ischak =260 ##$$aKlaten$bIntan Pariwara$c1991 =300 ##$$a iv,322 hlm. : ilus. ; 21 cm =650 ##$$a Geografi =650 ##$$a Soal Jawab Ebta =850 ##$$a NBPDMAT